|
|
|
|
| LEADER |
00000cam a2200000 a 4500 |
| 001 |
vtls008432180 |
| 003 |
SK-MaSNL |
| 005 |
20260311132733.0 |
| 008 |
240314s1991 xr grn 000 m cze |
| 015 |
|
|
|a SNBA1991
|
| 020 |
|
|
|a 8020802258
|q (brož.)
|
| 035 |
|
|
|a SAVUKc004332
|
| 035 |
|
|
|a urn:nbn:sk:snk-amkygx
|
| 035 |
|
|
|a urn:nbn:sk:snk-am008q2k
|
| 035 |
|
|
|a 2B571C5B-EEB8-48B4-A8BD-008D8E998C70
|
| 040 |
|
|
|a SNK
|b slo
|c SNK
|e AACR2
|
| 041 |
0 |
|
|a cze
|a slo
|
| 043 |
|
|
|a e-cs---
|
| 044 |
|
|
|a xr
|c CZ
|
| 072 |
|
7 |
|a 316.3
|x Globálne spoločnosti. Sociálna štruktúra. Sociálne skupiny
|2 konspekt
|
| 080 |
|
|
|a (=162.3)
|2 2001
|
| 080 |
|
|
|a (437)
|2 2001
|
| 080 |
|
|
|a (=162.4)
|2 2001
|
| 080 |
|
|
|a (093)
|2 2001
|
| 080 |
|
|
|a (0.072)
|2 2001
|
| 080 |
|
|
|a 93/94
|2 2001
|
| 100 |
1 |
|
|a Měchýř, Jan,
|d 1930-2018
|4 aut
|9 232786
|
| 245 |
1 |
0 |
|a Slovensko v Československu
|b slovensko-české vzťahy 1918-1991 : dokumenty, názory, komentáře
|c Jan Měchýř
|
| 250 |
|
|
|a 1.vyd.
|
| 260 |
|
|
|a Praha
|b Práce
|c 1991
|
| 300 |
|
|
|a 123 s.
|c 21 cm
|
| 504 |
|
|
|a Bibliogr. odkazy
|
| 546 |
|
|
|a Text aj v slov.
|
| 648 |
|
7 |
|a 1918-1991
|2 SNKPH
|9 467749
|
| 650 |
0 |
7 |
|a Česi
|2 SNKPH
|9 24818
|
| 650 |
0 |
7 |
|a Slováci
|2 SNKPH
|9 22552
|
| 650 |
0 |
7 |
|a dejiny
|2 SNKPH
|9 3825
|
| 650 |
0 |
7 |
|a Czechs
|2 SNKPHeng
|9 303143
|
| 650 |
0 |
7 |
|a Slovaks
|2 SNKPHeng
|9 265192
|
| 650 |
0 |
7 |
|a History
|2 SNKPHeng
|9 265139
|
| 651 |
|
7 |
|a Československo
|2 SNKPH
|9 21376
|
| 651 |
|
7 |
|a Czechoslovakia
|2 SNKPHeng
|9 265183
|
| 655 |
|
7 |
|a dokumenty
|2 SNKPH
|9 70482
|
| 655 |
|
7 |
|a Documents
|2 SNKPHeng
|9 277725
|
| 655 |
|
7 |
|a komentáre
|2 SNKPH
|9 70412
|
| 655 |
|
7 |
|a Commentaries
|2 SNKPHeng
|9 275605
|
| 919 |
|
|
|a 80-208-0225-8
|
| 958 |
|
|
|a ZS
|
| 958 |
|
|
|a CZ
|
| 958 |
|
|
|a NB
|
| 999 |
|
|
|c 823713
|d 825643
|
| 952 |
|
|
|a SNK
|b SNK
|y PREZ
|7 0
|p 17A0263782
|o snkSC 80810
|i snkKIP 1780/92
|0 0
|1 0
|4 0
|d 2000-12-29
|l 0
|r 2025-08-12 00:00:00
|w 2026-02-24
|
| 952 |
|
|
|a SNK
|b SNK
|y VYP
|7 0
|p 17A1157177
|o snkSC 80810 D1
|i snkKIP 2669/93
|g 0.50
|0 0
|1 0
|4 0
|d 2015-04-10
|f 1
|l 0
|r 2026-02-24 03:14:24
|w 2026-02-24
|